000 00470nam a2200157 i 4500
001 129436
003 ES-MaACL
005 20230906193512.0
007 t|
008 070614s1903 cl ||||1| spa d
100 1 _aThayer Ojeda, Tomás.
_9109881
245 1 0 _aMemoria histórica sobre la familia Alvarez de Toledo en Chile /
_cTomás Thayer Ojeda.
260 _aSantiago de Chile :
_b[s.n.],
_c1903.
300 _a169 p. ;
_c26 cm.
852 _aES-MaACL
_jT-1029-F-12
999 _c129436
_d129436